<?xml version="1.0" encoding="UTF-8"?><marc:collection xmlns:marc="http://www.loc.gov/MARC21/slim">
  <marc:record>
    <marc:leader>00000nam##2200000za#4500</marc:leader>
    <marc:controlfield tag="001">9.621428</marc:controlfield>
    <marc:controlfield tag="003">CaOODSP</marc:controlfield>
    <marc:controlfield tag="005">20210615104148</marc:controlfield>
    <marc:controlfield tag="007">ta</marc:controlfield>
    <marc:controlfield tag="008">150406|1992||||xxc|||||     f|0| 0 fre|d</marc:controlfield>
    <marc:datafield tag="020" ind1=" " ind2=" ">
      <marc:subfield code="a">0-660-93659-3</marc:subfield>
    </marc:datafield>
    <marc:datafield tag="040" ind1=" " ind2=" ">
      <marc:subfield code="a">CaOODSP</marc:subfield>
      <marc:subfield code="b">fre</marc:subfield>
    </marc:datafield>
    <marc:datafield tag="043" ind1=" " ind2=" ">
      <marc:subfield code="a">n-cn---</marc:subfield>
    </marc:datafield>
    <marc:datafield tag="086" ind1="1" ind2=" ">
      <marc:subfield code="a">SA2-129/5-1992F</marc:subfield>
    </marc:datafield>
    <marc:datafield tag="110" ind1="2" ind2=" ">
      <marc:subfield code="a">Archives nationales du Canada.</marc:subfield>
    </marc:datafield>
    <marc:datafield tag="245" ind1="1" ind2="0">
      <marc:subfield code="a">Édifier l'avenir: le Canada de 1849 à 1873 / </marc:subfield>
      <marc:subfield code="c">par George Bolotenko. </marc:subfield>
    </marc:datafield>
    <marc:datafield tag="260" ind1=" " ind2=" ">
      <marc:subfield code="a">Ottawa - Ontario : </marc:subfield>
      <marc:subfield code="b">Archives nationales du Canada </marc:subfield>
      <marc:subfield code="c">1992.</marc:subfield>
    </marc:datafield>
    <marc:datafield tag="300" ind1=" " ind2=" ">
      <marc:subfield code="a">253p. : </marc:subfield>
      <marc:subfield code="b">ill. (certaines en couleur) ; </marc:subfield>
      <marc:subfield code="c">28 cm.</marc:subfield>
    </marc:datafield>
    <marc:datafield tag="490" ind1="1" ind2=" ">
      <marc:subfield code="a">Les documents de notre histoire</marc:subfield>
    </marc:datafield>
    <marc:datafield tag="500" ind1=" " ind2=" ">
      <marc:subfield code="a">«Édifier l'avenir est le quatrième volume publié par les Archives nationales du Canada (AN) dans la collection Les documents de notre histoire.»--Avant-propos. Données de catalogage avant publication (Canada) imprimées dans cette publication.</marc:subfield>
    </marc:datafield>
    <marc:datafield tag="520" ind1="3" ind2=" ">
      <marc:subfield code="a">Par Bruce G. Wilson. Cet ouvrage renferme 113 reproductions de documents d'archives, soit des manuscrits, des cartes, des exemples d'art documentaire et des imprimés rares. Presque toutes ces pièces sont contemporaines de la période traitée. Il est conçu de façon à permettre aux lecteurs de le feuilleter ou de le lire du début à la fin, les pièces documentaires venant illustrer, étayer et expliquer le texte. Cet ouvrage pourra être utilisé par l'amateur d'histoire et le grand public tant comme ouvrage de référence que comme manuel d'histoire générale. Index. Photographies en couleurs.</marc:subfield>
    </marc:datafield>
    <marc:datafield tag="563" ind1=" " ind2=" ">
      <marc:subfield code="a">Relié toile</marc:subfield>
    </marc:datafield>
    <marc:datafield tag="720" ind1="1" ind2=" ">
      <marc:subfield code="a">Bolotenko, George</marc:subfield>
    </marc:datafield>
    <marc:datafield tag="775" ind1="0" ind2="8">
      <marc:subfield code="t">A future defined: Canada from 1849 to 1873 / </marc:subfield>
      <marc:subfield code="w">(CaOODSP)9.609685</marc:subfield>
    </marc:datafield>
    <marc:datafield tag="776" ind1="0" ind2="#">
      <marc:subfield code="t">Édifier l'avenir : </marc:subfield>
      <marc:subfield code="w">(CaOODSP)9.607327</marc:subfield>
    </marc:datafield>
    <marc:datafield tag="830" ind1="#" ind2="0">
      <marc:subfield code="a">Les documents de notre histoire.</marc:subfield>
      <marc:subfield code="w">(CaOODSP)9.513226</marc:subfield>
    </marc:datafield>
  </marc:record>
</marc:collection>
